000 01126nas a2200361 4500
001 BR2015000741
003 BR-BrBNA
005 20231205125012.0
007 ta
008 230509b bl.|||p| |||| 00| 00por d
040 _aBR-BrBNA
_bpor
_cBiblioteca Nacional de Agricultura
041 _a(Pt)
072 _aL01
100 1 _aMoraes, F.J.
100 1 _aGarcia, R.C.
100 1 _aVasconcelos, E.
100 1 _aCamargo, S.C.
100 1 _aPires, B.G.
100 1 _aHartleben, A.M.
100 1 _aLiesenfeld, F.
100 1 _aPereira, D.J.
100 1 _aMittanck, E.S.
100 1 _aGiasson, J.
100 1 _aGremaschi, J.R.
245 1 _aCaracterização físico-química de amostras de mel de abelha africanizada dos municípios de Santa Helena e Terra Roxa (PR)
650 _aABELHA
650 _aMEL
650 _aPROPRIEDADE FÍSICO-QUÍMICA
650 _aCONTROLE DE QUALIDADE
773 0 _tArquivo Brasileiro de Medicina Veterinária e Zootecnia (Brazil)
_xISSN 0102-0935
_g(Aug 2014), v. 66(4) p. 1269-1275
_wBR2015000741
909 _a202311
_bLúcia
_c55
_dLúcia Elande
942 _2AGRIS
_n0
_cANA
999 _c242076
_d242076